000 01818cam a22005054i 4500
003 PE-LiUPU
005 20250731165642.0
008 150616s r 000 0 d
020 _a0871966298
035 _a(Sirsi) i9780871966292
040 _aPE-LiUPU
_bspa
_cPE-LiUPU
_erda
049 _aPRUA
082 0 4 _a911.17671t
_bR71
_221
100 1 _aRobinson, Francis,
_eautor.
245 1 0 _aAtlas of the Islamic World since 1500 /
_cFrancis Robinson.
264 1 _aNew York :
_bFacts On File,
_c1982.
300 _a238 páginas ;
_c31 centímetros
336 _atext
_2rdacontent
337 _aunmediated
_2rdamedia
338 _avolume
_2rdacarrier
505 0 _aRevelation and Muslim History. Special Features. To be a Muslim. Religious Life. Arts of Islam. Society and the Modern World History.
526 _aSEG44
526 _aSEG26
526 _aP151
526 _aP150
526 _aP149
526 _aP146
526 _aP145
526 _aP126
526 _aP125
526 _aP92
526 _aP75
526 _aP74
526 _aP27
526 _aP15
650 1 4 _aPaíses islámicos
_xGeografía histórica
_vMapas.
650 2 4 _aGeografía histórica.
910 _ajck
_bjvq
_cjck
942 _2ddc
_cBOOK
949 _aRC 911.17671T R71
_wDEWEY
_c1
_i40633
_lCCODEBUL1
_mBUL
_r0
_sY
_tBOOK
_u2015-6-16
_xTEOLOGIA
_zUNKNOWN
_0COMPRA
_o.CIRCNOTE. No olvidar cambiar la fecha de devolución!!!!!!!
_o.STAFF. Colección General
994 _aC0
_bPEPRU
596 _a1
999 _aRC 911.17671T R71
_wDEWEY
_c58422
_i40633
_f2021-11-8
_g5
_lCCODEBUL1
_mBUL
_r1
_sY
_tBOOK
_u2015-6-16
_xTEOLOGIA
_zUNKNOWN
_0COMPRA
_o.CIRCNOTE. No olvidar cambiar la fecha de devolución!!!!!!!
_o.STAFF. Colección General
_d58422
980 _81
_gALBERTO SANCHEZ Responsable de Automatización